000 00540nam a2200169 a 4500
005 20140412111224.0
008 000901s19uu xx 00 eng d
020 _a1-57471-107-5
050 _aBB
_bSc285 1995
100 _aWilliams, Rozanne Lanczak
245 _aScaredy cat runs away /
_cwritten by Rozanne Lanczak Williams ; illustrated by Cyd Moore.
260 _aCypress, CA :
_bCreative Teaching Press, Inc,
_c1995.
300 _a16 p. ; ill.
440 _aLearn to Read - Read to Learn
650 _aMath series
999 _c101997
_d101997